000 01527nam0a22002771 4500
001 rc\3211844
005 20130115140233.8
021 _aRU
_b[76-77397]
035 _a(NLR Aleph) 007463707
090 _a7343952
_c7343952
100 _a20130115d1976 |||y0rusy50 ca
101 0 _arus
102 _aRU
105 _ay z |||||
200 1 _aОбщекарпатский диалектологический атлас
_eЛингвист. и этногр. аспекты
_e[Темат. сборник]
_fАН СССР, Отд. литературы и яз., Ин-т славяноведения и балканистики, АН МССР
_gОтд-ние обществ. наук, Ин-т яз. и литературы
_g[Редколлегия: С.Б. Бернштейн и др.]
210 _aКишинев
_cШтиинца
_d1976
215 _a198 с.
_d21
320 _aБиблиогр. трудов по карпат. проблематике, изд. в Словакии / П. Ондрус: с. 147-153, и списки лит. в примеч. в конце статей
606 _aЯзыки народов Карпат
_xДиалекты
_jАтласы
_xСоставление
_2psbo
606 _aЯзыки народов Балканских стран
_xДиалекты
_jАтласы
_xСоставление
_2psbo
702 1 _aБернштейн
_bС. Б.
_gСамуил Борисович
_4340
801 0 _aRU
_bNLR
_gpsbo
801 1 _aRU
_bELAR
_2rusmarc
852 _aNLR
_j77-5/1302
942 _cBOOK
980 _aNB